000 00564nam a2200229Ia 4500
003 OSt
005 20221005121828.0
006 a|||||r|||| 00| 0
007 ta
008 221004b |||||||| |||| 00| 0 eng d
024 _a36370
037 _cTextual
040 _aCRL
_cCRL
_beng
041 _2eng
_aeng
082 _aO111,1N472x, L2
100 _aShaw Robert B
_9631185
245 0 _aIn witness
260 _c1972
650 _aENGLISH LITERATURE
942 _hO111,1N472x, L2
_cTEXL
_2cc
999 _c1042391
_d1042391